• 首页
  • 本馆介绍
  • 公告通知
  • 最新文献
  • 馆藏检索
  • 电子资源
  • 读者导购
  • 参考咨询
  • 我的图书馆
  • 登录
  • 详细信息显示
  • 放入我的书架
  • 预约/预借图书
  • 作者相关作品
  • 分类相关作品
  • 丛书相关作品
  • 出版社相关作品

书目信息

  • 表格格式
  • 工作单格式
  • 卡片格式
题名:
侗族
    
 
作者: 邓敏文 著
分册:  
出版信息: 北京   中国人口出版社  2012
页数: 139页
开本: 23cm
丛书名: 中国少数民族人口丛书
单 册:
中图分类: K287.2 , K28
科图分类:
主题词: 侗族--民族文化--中国
电子资源:
ISBN: 978-7-5101-1514-1
000 00922nam0 2200277 450
001 2376962152
005 20231129023119.35
010    @a978-7-5101-1514-1@dCNY40.00
100    @a20230131e2012 em y0chiy50 ea
101 0  @achi@eeng
102    @aCN@b110000
105    @aa z 000yd
200 1  @a侗族@Adong zu@f邓敏文著
210    @a北京@c中国人口出版社@d2012@h2022重印
215    @a139页@c图,照片@d23cm
225 2  @@a中国少数民族人口丛书@f翟振武主编
300    @a国家出版基金项目 中国作家协会《民族文学》杂志社支持
330    @a本书从民族历史、侗款、人口变迁、农林经济、生活习俗、文学艺术、侗乡新貌等多个方面,描述和展现了侗族灿烂辉煌的历史和现状。
410  0 @12001 @a中国少数民族人口丛书
510 1  @aDong nationality@zeng
606 0  @a侗族@x民族文化@y中国
690    @aK287.2@v5
690    @aK28@v4
701  0 @a邓敏文@Adeng min wen@4著
801  0 @aCN@b91MARC@c20230218
905    @aZUCC@dK28@e29:35
    
    侗族/邓敏文著.-北京:中国人口出版社,2012(2022重印)
    139页:图,照片;23cm.-(中国少数民族人口丛书/翟振武主编)
    国家出版基金项目 中国作家协会《民族文学》杂志社支持
    
    ISBN 978-7-5101-1514-1:CNY40.00
    本书从民族历史、侗款、人口变迁、农林经济、生活习俗、文学艺术、侗乡新貌等多个方面,描述和展现了侗族灿烂辉煌的历史和现状。
●
相关链接 在五车中查询图书 在当当中查询图书 在豆瓣中查询图书


正题名:侗族     索取号:K28/29:35         预约/预借

序号 登录号 条形码 馆藏地/架位号 状态 备注
1 2001009500   2001009500   第四书库/四33架B面5层3列/ [索取号:K28/29:35] 在馆    
2 2001009501   2001009501   第四书库/四33架B面5层3列/ [索取号:K28/29:35] 在馆    
3 2001009502   2001009502   第四书库/四33架B面5层3列/ [索取号:K28/29:35] 在馆    
4 2001009503   2001009503   第四书库/四33架B面5层3列/ [索取号:K28/29:35] 在馆    
5 2001009504   2001009504   第四书库/四33架B面5层3列/ [索取号:K28/29:35] 在馆    
山东省滨州职业学院图书馆 欢迎您!
大连网信软件有限公司© 版权所有